[Event "Como Primavera op-A 2nd"]
[Site "Como"]
[Date "2006.05.12"]
[Round "4"]
[White "Rossi, Silio"]
[Black "Luppi, Dario"]
[Result "0-1"]
[WhiteElo "1592"]
[BlackElo "1733"]
[PlyCount "64"]
[EventDate "2006.04.21"]
[EventType "swiss"]
[EventRounds "7"]
[EventCountry "ITA"]
[SourceTitle "EXT 2024"]
[Source "ChessBase"]
[SourceDate "2023.10.10"]
[SourceVersion "1"]
[SourceVersionDate "2023.10.10"]
[SourceQuality "1"]

1. b3 e5 2. Bb2 Nc6 3. e3 Nf6 4. Bb5 Bd6 5. Nf3 e4 6. Bxc6 dxc6 7. Nd4 a6 8. h3 0-0 9. c4 c5 10. Nc2 Bf5 11. Nc3 c6 12. Na3 Nd7 13. Qc2 Re8 14. f4 Qh4+ 15. Kf1 Nf6 16. Qd1 Rad8 17. Qe1 Qh6 18. Ne2 Bg6 19. Bxf6 gxf6 20. Qg3 Kh8 21. Qf2 f5 22. Ng3 Bc7 23. h4 Qg7 24. Nc2 Qb2 25. h5 Qxc2 26. hxg6 fxg6 27. Kg1 Rxd2 28. Qe1 Red8 29. Kh2 Rf2 30. Qg1 Rdd2 31. Kh3 Rxg2 32. Qd1 Rh2+ 0-1

[Event "Como Primavera op-A 2nd"]
[Site "Como"]
[Date "2006.04.28"]
[Round "2"]
[White "Luppi, Dario"]
[Black "Canali, Marco"]
[Result "1/2-1/2"]
[WhiteElo "1733"]
[BlackElo "1817"]
[PlyCount "57"]
[EventDate "2006.04.21"]
[EventType "swiss"]
[EventRounds "7"]
[EventCountry "ITA"]
[SourceTitle "EXT 2024"]
[Source "ChessBase"]
[SourceDate "2023.10.10"]
[SourceVersion "1"]
[SourceVersionDate "2023.10.10"]
[SourceQuality "1"]

1. d4 c5 2. d5 Nf6 3. c4 Ne4 4. Qc2 Qa5+ 5. Nd2 Nf6 6. e4 Qc7 7. Ngf3 d6 8. h3 g6 9. b3 Bg7 10. Bb2 0-0 11. Be2 Nh5 12. Bxg7 Kxg7 13. Qc3+ Kg8 14. Nh2 Nf4 15. Ng4 f6 16. g3 Nxe2 17. Kxe2 Bxg4+ 18. hxg4 Qc8 19. f3 Na6 20. Rh6 Rf7 21. Rah1 Rg7 22. Nf1 Nc7 23. Ne3 b5 24. Ng2 bxc4 25. bxc4 e5 26. Nh4 Qd7 27. Qc1 Qa4 28. a3 Re8 29. Rh2 1/2-1/2